Základné náležitosti pripravovanej novely zákona o rozpočtových pravidlách územnej samosprávy

Návrh zákona, ktorým sa mení a dopĺňa zákon č. 583/2004 Z. z. o rozpočtových pravidlách územnej samosprávy a o zmene a doplnení niektorých zákonov v znení neskorších predpisov - vypracovaný za účelom skvalitnenia regulačného rámca rozpočtov územnej samosprávy ako súčasti rozpočtu verejnej správy. Úp...

ver descrição completa

Na minha lista:
Detalhes bibliográficos
Autor principal: Neupauerová, Zuzana
Formato: Capítulo de Livro
Idioma:eslovaco
Assuntos:
Tags: Adicionar Tag
Sem tags, seja o primeiro a adicionar uma tag!

MARC

LEADER 00000naa a2200000 4500
001 0169748
005 20240502072935.9
041 0 |a slo 
044 |a SK 
245 1 0 |a Základné náležitosti pripravovanej novely zákona o rozpočtových pravidlách územnej samosprávy  |c Zuzana Neupauerová 
520 |a Návrh zákona, ktorým sa mení a dopĺňa zákon č. 583/2004 Z. z. o rozpočtových pravidlách územnej samosprávy a o zmene a doplnení niektorých zákonov v znení neskorších predpisov - vypracovaný za účelom skvalitnenia regulačného rámca rozpočtov územnej samosprávy ako súčasti rozpočtu verejnej správy. Úpravy a doplnky k ustanoveniam zákona. 
610 2 0 |a rozpočty verejné 
610 2 0 |a legislatíva 
610 2 0 |a novelizácia 
610 2 0 |a správa verejná 
610 2 0 |a samospráva 
610 2 0 |a obce 
610 2 0 |a vyššie územné celky 
100 1 |a Neupauerová, Zuzana